Statistics for Japanese Animal Alphabet

Click here to take the quiz!

General Stats

  • This quiz has been taken 3 times
  • The average score is 12 of 46

Answer Stats

Answer% Correct
ネコ
100%
タヌキ
100%
ウサギ
100%
イグアナ
100%
キツネ
100%
トラ
100%
ハリネズミ
50%
ヌー
50%
ヤク
50%
ナマズ
50%
ヨークシャーテリア
50%
ヘビ
50%
スカンク
50%
カワウソ
50%
シカ
50%
サル
50%
クマ
50%
ムササビ
0%
メキシコのアグーティ
0%
ヲンバト
0%
モグラ
0%
ワシ
0%
ロバ
0%
カエル
0%
レア
0%
ユキヒョウ
0%
ライオン
0%
ミンク
0%
リス
0%
アイアイ
0%
マーモット
0%
ポメラニアン
0%
フェレット
0%
ピグミーマーモセット
0%
ノルウェーレミング
0%
ニホンカモシカ
0%
テグ
0%
ツル
0%
チョー
0%
ソマリダチョウ
0%
センザンコウ
0%
コモリ
0%
ケープハゲワシ
0%
オリンゴ
0%
エミュー
0%
キリン
0%

Score Distribution

Percentile by Number Answered

Percent of People with Each Score

Your Score History

You have not taken this quiz